00441nam a2200157 a 4500008004100000050001600041100002200057245006100079250001300140260002200153300002400175350000900199650003800208650001300246700002400259120416s1979 ||||||||||||||||| || u aHF 5667 Coo aGough, C. Brandon10aStudent's Manual of auditingcedited by C. Brandon Gough a2nd. ed. aLondonbGeec1979 axxxii, 620p. : ill. a0.00 aAUDITING--HANDBOOKS, MANUALS, ETC aAUDITING aCooper, Vivian R. V